[Event "Staatsliga B - Ost 2002/03"]
[Site "Stockerau, Alte Au - Blabolilheim"]
[Date "2003.01.25"]
[Round "6"]
[Board "3"]
[White "Todor, Razvan"]
[Black "Vokroj, Rene"]
[Result "1/2-1/2"]
[WhiteElo "2202"]
[BlackElo "2287"]
[PlyCount "119"]

1.d4 Nc6 2.Nf3 d5 3.g3 Bf5 4.Bg2 Qd7 5.Bf4 e6 6.Nbd2 f6 7.c4 dxc4 8.Qa4 Nb4
9.Qxd7+ Kxd7 10.O-O Nd5 11.Nxc4 Nxf4 12.gxf4 Bd6 13.Nh4 Bg4 14.Bxb7 Rb8 15.Bf3
Bxf3 16.Nxf3 Bxf4 17.e3 Bd6 18.Rac1 Ne7 19.Rc2 g5 20.Rfc1 Rb7 21.Ne1 Rhb8 22.Nd3
Nd5 23.a3 Ke8 24.b4 f5 25.Ndb2 g4 26.Na4 Nb6 27.Nc5 Bxc5 28.dxc5 Nxc4 29.Rxc4
Rd8 30.e4 Kf7 31.exf5 exf5 32.Kg2 Kf6 33.R1c3 Rbb8 34.h3 h5 35.c6 Rb5 36.Rc5
Rxc5 37.Rxc5 gxh3+ 38.Kh2 Rd6 39.a4 Kg5 40.Kxh3 Rd4 41.Ra5 Rxb4 42.Rxa7 Rc4
43.Rxc7 Rxa4 44.Rc8 Kf4 45.Kh4 Ra2 46.Kxh5 Rxf2 47.c7 Rc2 48.Kg6 Rc6+ 49.Kf7 Kf3
50.Ke7 f4 51.Kd7 Rc2 52.Rf8 Ke3 53.Kd6 f3 54.Re8+ Kd2 55.c8=Q Rxc8 56.Rxc8 f2
57.Rf8 Ke2 58.Re8+ Kd2 59.Rf8 Ke2 60.Re8+

[Event "Staatsliga B - Ost 2002/03"]
[Site "Stockerau, Alte Au - Blabolilheim"]
[Date "2003.01.25"]
[Round "6"]
[Board "4"]
[White "Schumi, Manfred"]
[Black "Trkulja, Zoran"]
[Result "1/2-1/2"]
[WhiteElo "2217"]
[BlackElo "2232"]
[PlyCount "51"]

1.e4 e6 2.d4 d5 3.Nc3 Bb4 4.exd5 exd5 5.Bd3 Nc6 6.a3 Be7 7.Nce2 Bg5 8.Nf3 Bxc1
9.Qxc1 Qf6 10.Nf4 Qe7+ 11.Qe3 Qxe3+ 12.fxe3 Nge7 13.O-O O-O 14.Rae1 Bg4 15.c3 h6
16.e4 dxe4 17.Bxe4 Bf5 18.Bxf5 Nxf5 19.Nd5 Rfd8 20.Nxc7 Rac8 21.d5 Rxc7 22.dxc6
bxc6 23.Ne5 Nd6 24.Rd1 Re8 25.Rfe1 Re6 26.Nf3

[Event "Staatsliga B - Ost 2002/03"]
[Site "Stockerau, Alte Au - Blabolilheim"]
[Date "2003.01.25"]
[Round "6"]
[Board "5"]
[White "Allacher, Erwin"]
[Black "Rogetzer, Klaus"]
[Result "0-1"]
[WhiteElo "2214"]
[BlackElo "2135"]
[PlyCount "138"]

1.d4 f5 2.c4 Nf6 3.g3 g6 4.Bg2 Bg7 5.Nf3 d6 6.O-O O-O 7.Nc3 Qe8 8.d5 a5 9.Re1
Na6 10.Nd4 Nc5 11.b3 Bd7 12.Rb1 Rc8 13.Ba3 Nce4 14.Nxe4 Nxe4 15.Qd3 Qf7 16.f3
Nc5 17.Qd2 Qf6 18.Bb2 Qf7 19.e4 fxe4 20.fxe4 e5 21.dxe6 Nxe6 22.Nxe6 Bxe6 23.Rf1
Qe7 24.Rxf8+ Rxf8 25.Qxa5 Bxb2 26.Rxb2 Qf6 27.Qd2 Qe5 28.Rc2 b6 29.Rc3 Ra8
30.Rc1 Qc5+ 31.Kh1 Rf8 32.Rf1 Rxf1+ 33.Bxf1 Qe5 34.Qe2 h5 35.Qd3 Kh7 36.h3 Qa1
37.Kg2 Qxa2+ 38.Be2 Qb2 39.Qe3 Qb1 40.g4 h4 41.g5 Qb2 42.Kf2 Qe5 43.Bf1 Kg8
44.Ke2 Qb2+ 45.Ke1 b5 46.Be2 bxc4 47.bxc4 Qe5 48.Kd2 Qa5+ 49.Kc2 Qa4+ 50.Kd2
Qb4+ 51.Kd1 Bxc4 52.Bxc4+ Qxc4 53.Qf4 Qd3+ 54.Kc1 Qc3+ 55.Kb1 Qxh3 56.Qf6 Qb3+
57.Ka1 Qf7 58.Qd8+ Kg7 59.Qc8 Qe7 60.Qg4 Qe5+ 61.Kb1 Qb5+ 62.Kc2 h3 63.Qh4 Qe2+
64.Kb3 Qh5 65.Qf4 Qd1+ 66.Kc3 Qa1+ 67.Kb4 Qb2+ 68.Kc4 h2 69.Qh4 Qc1+

[Event "Staatsliga B - Ost 2002/03"]
[Site "Stockerau, Alte Au - Blabolilheim"]
[Date "2003.01.25"]
[Round "6"]
[Board "6"]
[White "Steiner, Johann"]
[Black "Leber, Franz"]
[Result "1/2-1/2"]
[WhiteElo "2070"]
[BlackElo "2148"]
[PlyCount "20"]

1.e4 e6 2.d4 d5 3.exd5 exd5 4.Bd3 Nc6 5.Ne2 Bd6 6.c3 Qf6 7.Be3 Nge7 8.Qc2 Bf5
9.Nd2 Bxd3 10.Qxd3 Qf5

[Event "Staatsliga B - Ost 2002/03"]
[Site "Stockerau, Alte Au - Blabolilheim"]
[Date "2003.01.25"]
[Round "6"]
[Board "1"]
[White "Lau, Ralf"]
[Black "Varga, Zoltan"]
[Result "1/2-1/2"]
[WhiteElo "2506"]
[BlackElo "2533"]
[PlyCount "46"]

1.Nf3 d5 2.g3 c5 3.Bg2 Nc6 4.O-O e5 5.d3 f6 6.c4 d4 7.e3 Be6 8.exd4 cxd4 9.Na3
Qd7 10.Nc2 a5 11.Re1 Nge7 12.b3 Nc8 13.a3 Rb8 14.Bb2 Be7 15.Rb1 b5 16.Qe2 bxc4
17.bxc4 Bf7 18.Ba1 Rxb1 19.Rxb1 O-O 20.Nd2 Re8 21.Qf1 Qc7 22.Kh1 Nb6 23.f4 Nd7

[Event "Staatsliga B - Ost 2002/03"]
[Site "Stockerau, Alte Au - Blabolilheim"]
[Date "2003.01.25"]
[Round "6"]
[Board "2"]
[White "Schweda, Roland"]
[Black "Wukits, Rene"]
[Result "1/2-1/2"]
[WhiteElo "2354"]
[BlackElo "2296"]
[PlyCount "85"]

1.d4 g6 2.e4 Bg7 3.Nc3 d6 4.g3 Na6 5.Bg2 c5 6.d5 Nc7 7.a4 Rb8 8.Nf3 a6 9.O-O b5
10.Re1 f6 11.axb5 axb5 12.b4 cxb4 13.Nd4 Bd7 14.Nce2 Ra8 15.Rxa8 Qxa8 16.Nf4 Qc8
17.Bd2 Nh6 18.Bxb4 Nf7 19.Ba5 Bh6 20.Bxc7 Bxf4 21.gxf4 Qxc7 22.Ne6 Qc8 23.Bh3
Nd8 24.e5 fxe5 25.fxe5 dxe5 26.Qf3 Bxe6 27.Bxe6 Nxe6 28.dxe6 Rf8 29.Qd5 Rf6
30.Qxb5+ Kf8 31.Qd7 Qxd7 32.exd7 Rd6 33.Rxe5 Rxd7 34.c4 Rd1+ 35.Kg2 Rc1 36.Rc5
Rc3 37.f3 Kf7 38.Kg3 Ke6 39.h4 Kd6 40.Rd5+ Ke6 41.Rc5 Kd6 42.Rc8 Kd7 43.Rc5

[Event "Staatsliga B - Ost 2002/03"]
[Site "Stockerau, Alte Au - Blabolilheim"]
[Date "2003.01.25"]
[Round "6"]
[Board "3"]
[White "Kreindl, Helmut"]
[Black "Vavrak, Peter"]
[Result "0-1"]
[WhiteElo "2230"]
[BlackElo "2397"]
[PlyCount "70"]

1.d4 d5 2.Nf3 Nf6 3.Bf4 c6 4.e3 Bg4 5.Nbd2 Nbd7 6.h3 Bxf3 7.Nxf3 g6 8.Bd3 Bg7
9.O-O O-O 10.c3 Re8 11.Ne5 e6 12.a4 Nh5 13.Nxd7 Nxf4 14.exf4 Qxd7 15.Re1 b6
16.g3 Qd6 17.Qd2 c5 18.dxc5 bxc5 19.Rab1 Rec8 20.Bf1 c4 21.b4 cxb3 22.Rxb3 Qc6
23.Bb5 Qc5 24.Rc1 d4 25.Bd3 dxc3 26.Qc2 Rd8 27.Rcb1 Qd4 28.Be4 Rac8 29.Rb7 Qd2
30.Rc1 Bd4 31.Kg2 Bxf2 32.Qxd2 Rxd2 33.Kf3 Bb6 34.a5 Rf2+ 35.Kg4 Bd8

[Event "Staatsliga B - Ost 2002/03"]
[Site "Stockerau, Alte Au - Blabolilheim"]
[Date "2003.01.25"]
[Round "6"]
[Board "4"]
[White "Stranz, Richard"]
[Black "Schwaninger, Wolfgang"]
[Result "1-0"]
[WhiteElo "2252"]
[BlackElo "2188"]
[PlyCount "65"]

1.e4 d6 2.d4 Nf6 3.Nc3 g6 4.Bg5 c6 5.Qd2 Nbd7 6.f4 Qa5 7.Nf3 Bg7 8.Bd3 a6 9.O-O
e5 10.fxe5 dxe5 11.Nxe5 Nxe5 12.Bxf6 Bxf6 13.Rxf6 Ng4 14.Rd6 Qb4 15.e5 c5 16.a3
Qa5 17.Rd5 Be6 18.Rxc5 Qd8 19.Be4 Rc8 20.Rxc8 Bxc8 21.Rd1 Qh4 22.g3 Qh3 23.Nd5
g5 24.Qg2 Qxg2+ 25.Bxg2 Be6 26.Nc7+ Kd7 27.Nxe6 fxe6 28.Bxb7 Rb8 29.Bxa6 Rxb2
30.Bd3 Ne3 31.Re1 Nxc2 32.Re2 Rb1+ 33.Kf2

[Event "Staatsliga B - Ost 2002/03"]
[Site "Stockerau, Alte Au - Blabolilheim"]
[Date "2003.01.25"]
[Round "6"]
[Board "6"]
[White "Ranits, Franz"]
[Black "Zsifkovits, Robert"]
[Result "1-0"]
[WhiteElo "2209"]
[BlackElo "2109"]
[PlyCount "45"]

1.e4 c5 2.c3 e6 3.d4 cxd4 4.cxd4 d5 5.e5 Nc6 6.Nf3 f6 7.Bd3 fxe5 8.Nxe5 Nxe5
9.dxe5 Qc7 10.O-O g6 11.Nc3 Bd7 12.Bf4 a6 13.Rc1 Qa5 14.a3 Nh6 15.Qb3 Rb8
16.Nxd5 exd5 17.e6 Ba4 18.Bxg6+ hxg6 19.Qg3 Rg8 20.Bxh6 Bc6 21.Qxb8+ Qd8 22.Qf4
Qe7 23.Bg5

[Event "Staatsliga B - Ost 2002/03"]
[Site "Stockerau, Alte Au - Blabolilheim"]
[Date "2003.01.25"]
[Round "6"]
[Board "1"]
[White "Danner, Georg"]
[Black "Balinov, Ilija"]
[Result "1/2-1/2"]
[WhiteElo "2377"]
[BlackElo "2444"]
[PlyCount "27"]

1.d4 e6 2.Nf3 d5 3.c4 Nf6 4.Nc3 dxc4 5.e3 a6 6.Bxc4 c5 7.O-O b5 8.Bb3 Bb7 9.Qe2
Qb6 10.Rd1 Nbd7 11.d5 c4 12.dxe6 fxe6 13.Bc2 Bd6 14.e4

[Event "Staatsliga B - Ost 2002/03"]
[Site "Stockerau, Alte Au - Blabolilheim"]
[Date "2003.01.25"]
[Round "6"]
[Board "2"]
[White "Miniboeck, Guenter"]
[Black "Petran, Peter"]
[Result "1/2-1/2"]
[WhiteElo "2335"]
[BlackElo "2372"]
[PlyCount "121"]

1.d4 g6 2.c4 Bg7 3.e4 Nc6 4.Nf3 e5 5.d5 Nd4 6.Nxd4 exd4 7.Bd3 d6 8.O-O Ne7 9.b4
a5 10.b5 c5 11.bxc6 bxc6 12.dxc6 Nxc6 13.Na3 O-O 14.Nb5 Be6 15.Ba3 Nb4 16.Qd2
Qb6 17.Bxb4 axb4 18.Qxb4 Ra6 19.a4 Rfa8 20.h3 Bf8 21.Qb3 Qc5 22.Rfd1 Bg7 23.Ra2
h5 24.Bf1 h4 25.Rad2 Bd7 26.Ra2 Ra5 27.Qd3 Rxa4 28.Rxa4 Rxa4 29.Nxd4 Ra2 30.Ne2
Be6 31.Qxd6 Qxd6 32.Rxd6 Ra1 33.Rc6 g5 34.f3 Be5 35.Kf2 Bd7 36.Rc5 f6 37.g3 Ra2
38.Rd5 hxg3+ 39.Kg2 Be6 40.Rd8+ Kg7 41.Kg1 Ra1 42.Kg2 Bxh3+ 43.Kxh3 Rxf1 44.Rd3
Rh1+ 45.Kg2 Rh2+ 46.Kf1 Kg6 47.c5 Bc7 48.Ra3 Be5 49.Rd3 Kh5 50.c6 Kg6 51.Rd7
Rf2+ 52.Ke1 Rxf3 53.c7 Bxc7 54.Rxc7 g2 55.Rc1 Rf1+ 56.Kd2 Kf7 57.Re1 Ke6 58.Ng1
Ke5 59.Ke2 Rxe1+ 60.Kxe1 Kxe4 61.Kf2

[Event "Staatsliga B - Ost 2002/03"]
[Site "Stockerau, Alte Au - Blabolilheim"]
[Date "2003.01.25"]
[Round "6"]
[Board "3"]
[White "Lipka, Juraj"]
[Black "Brandner, Stefan"]
[Result "1-0"]
[WhiteElo "2432"]
[BlackElo "2300"]
[PlyCount "179"]

1.e4 e5 2.Nf3 Nc6 3.Bb5 a6 4.Bxc6 dxc6 5.O-O f6 6.d4 exd4 7.Nxd4 c5 8.Ne2 Qxd1
9.Rxd1 Bd7 10.Nbc3 O-O-O 11.Be3 Re8 12.Rd2 b6 13.Rad1 Bc6 14.Nf4 Bd6 15.Nfd5 Kb7
16.f3 Ne7 17.Nxe7 Rxe7 18.Nd5 Ree8 19.Bf2 Rhf8 20.Bg3 Bxg3 21.hxg3 f5 22.exf5
Rxf5 23.Kf2 Rfe5 24.Nc3 b5 25.Re2 b4 26.Rxe5 Rxe5 27.Ne4 a5 28.Ke3 Kb6 29.g4 a4
30.Kf4 Re7 31.g5 Be8 32.Rd8 Bg6 33.a3 bxa3 34.bxa3 Kb5 35.Rb8+ Kc4 36.Ra8 Be8
37.Ra5 Kd4 38.Nxc5 Re2 39.c3+ Kxc3 40.Nxa4+ Kd4 41.Nc5 Bg6 42.Na6 c6 43.Ra4+ Kc3
44.Nc5 Rxg2 45.Ra6 Kc4 46.Rxc6 Kd5 47.Rc7 h6 48.Ne4 hxg5+ 49.Nxg5 Ra2 50.Rxg7
Bh5 51.Ne4 Kc4 52.Ra7 Kb3 53.Nc5+ Kc4 54.Ne6 Rf2 55.Ng5 Ra2 56.Ra5 Kb3 57.Ne6
Bxf3 58.Nd4+ Kb2 59.Rb5+ Kc3 60.Nxf3 Rxa3 61.Rc5+ Kb4 62.Rc1 Ra8 63.Ke4 Rh8
64.Ne5 Rh4+ 65.Kd5 Kb3 66.Nf3 Rh5+ 67.Ke4 Rh8 68.Nd4+ Kb2 69.Rc2+ Ka3 70.Kd3 Kb4
71.Rc4+ Ka5 72.Rc1 Kb4 73.Rb1+ Kc5 74.Rb5+ Kd6 75.Ra5 Rh3+ 76.Kc4 Rh1 77.Rd5+
Ke7 78.Ra5 Kd6 79.Ra6+ Ke5 80.Re6+ Kf4 81.Re2 Kg5 82.Kd5 Ra1 83.Ne6+ Kg4 84.Ke4
Ra4+ 85.Nd4 Kg5 86.Rf2 Ra1 87.Ne6+ Kg6 88.Ke5 Re1+ 89.Kd6 Rd1+ 90.Ke7

[Event "Staatsliga B - Ost 2002/03"]
[Site "Stockerau, Alte Au - Blabolilheim"]
[Date "2003.01.25"]
[Round "6"]
[Board "4"]
[White "Rudolf, Herbert"]
[Black "Brod, Manfred"]
[Result "1-0"]
[WhiteElo "2228"]
[BlackElo "2237"]
[PlyCount "67"]

1.b4 c6 2.e3 e5 3.Bb2 Qc7 4.a3 d5 5.Nf3 e4 6.Nd4 b5 7.a4 bxa4 8.c4 Nf6 9.Qxa4
Be7 10.b5 Bd7 11.cxd5 cxd5 12.Nc3 O-O 13.Qa5 Qb7 14.Be2 Bd8 15.Qa3 Be6 16.O-O
Be7 17.Qa5 Bd8 18.Qa2 Bb6 19.Na4 Nbd7 20.Rfc1 Kh8 21.Rc6 Rfe8 22.Rac1 Rac8
23.Nxb6 Nxb6 24.Ra1 Bd7 25.Rxc8 Nxc8 26.Qa6 Qb8 27.h3 h6 28.Ba3 Qe5 29.Bc5 Qg5
30.Kf1 Qe5 31.Ke1 Qh2 32.Bf1 Nh5 33.Bxa7 Ng3 34.Bb8

[Event "Staatsliga B - Ost 2002/03"]
[Site "Stockerau, Alte Au - Blabolilheim"]
[Date "2003.01.25"]
[Round "6"]
[Board "5"]
[White "Knessl, Friderich"]
[Black "Sulyok, Michael"]
[Result "1/2-1/2"]
[WhiteElo "2058"]
[BlackElo "2222"]
[PlyCount "77"]

1.e4 g6 2.d4 Bg7 3.Nc3 d6 4.Bc4 Nf6 5.Nf3 Nc6 6.h3 O-O 7.Qe2 Nd7 8.Be3 e5 9.Rd1
Nb6 10.Bb3 exd4 11.Nxd4 Na5 12.O-O Bd7 13.Rfe1 Re8 14.f3 a6 15.Qf2 Nbc4 16.Bc1
b5 17.Bxc4 Nxc4 18.b3 Nb6 19.Be3 c5 20.Nde2 b4 21.Rxd6 bxc3 22.Red1 Bf8 23.Rxb6
Qxb6 24.Rxd7 Rad8 25.Rxd8 Rxd8 26.Nxc3 Qa5 27.Nd5 Qxa2 28.Qh4 Qa1+ 29.Kh2 Rd6
30.Bf4 Re6 31.Qd8 Qg7 32.e5 g5 33.Nf6+ Kh8 34.Bxg5 Rxe5 35.f4 Re2 36.Nd7 Kg8
37.Nf6+ Kh8 38.Nd7 Kg8 39.Nf6+

[Event "Staatsliga B - Ost 2002/03"]
[Site "Stockerau, Alte Au - Blabolilheim"]
[Date "2003.01.25"]
[Round "6"]
[Board "6"]
[White "Herndlbauer, Martin"]
[Black "Wutzlhofer, Robert"]
[Result "1/2-1/2"]
[WhiteElo "2162"]
[BlackElo "2134"]
[PlyCount "36"]

1.e4 c5 2.Nf3 d6 3.d4 cxd4 4.Nxd4 Nf6 5.Nc3 g6 6.Be3 Bg7 7.f3 O-O 8.Qd2 Nc6
9.O-O-O Nxd4 10.Bxd4 Be6 11.g4 Qa5 12.Kb1 Rfc8 13.a3 Rab8 14.h4 b5 15.Nd5 Qxd2
16.Nxf6+ Bxf6 17.Rxd2 Bxd4 18.Rxd4 Kg7

[Event "Staatsliga B - Ost 2002/03"]
[Site "Stockerau, Alte Au - Blabolilheim"]
[Date "2003.01.25"]
[Round "6"]
[Board "1"]
[White "Palkovi, Jozsef"]
[Black "Tibensky, Robert"]
[Result "1/2-1/2"]
[WhiteElo "2398"]
[BlackElo "2446"]
[PlyCount "81"]

1.e4 c6 2.d4 d5 3.exd5 cxd5 4.c4 Nf6 5.Nc3 g6 6.cxd5 Bg7 7.Bb5+ Nbd7 8.d6 exd6
9.Qe2+ Qe7 10.Bf4 Qxe2+ 11.Ngxe2 a6 12.Bd3 Ke7 13.O-O Nb6 14.Rac1 Rd8 15.Rfe1
Be6 16.Bg5 h6 17.Bxf6+ Bxf6 18.Nf4 Bxd4 19.Bxg6 Be5 20.Nxe6 fxe6 21.Rc2 Kf6
22.Bh5 Rd7 23.Ne4+ Ke7 24.Rce2 Rg8 25.Nc5 Rc7 26.Nd3 Nd7 27.Nxe5 dxe5 28.f4 Rgc8
29.fxe5 Rc1 30.Bf3 Rxe1+ 31.Rxe1 b6 32.Bb7 Rc2 33.Bxa6 Rxb2 34.Bc4 Rc2 35.Re4
Nxe5 36.Rxe5 Rxc4 37.Rh5 Ra4 38.Rxh6 Rxa2 39.Rh7+ Kf6 40.h4 b5 41.Rb7

[Event "Staatsliga B - Ost 2002/03"]
[Site "Stockerau, Alte Au - Blabolilheim"]
[Date "2003.01.25"]
[Round "6"]
[Board "2"]
[White "Banas, Jan"]
[Black "Rumpl, Erwin"]
[Result "0-1"]
[WhiteElo "2365"]
[BlackElo "2245"]
[PlyCount "70"]

1.c4 e5 2.Nc3 Nf6 3.Nf3 Nc6 4.e3 Bb4 5.Qb3 Bxc3 6.Qxc3 Qe7 7.a3 d5 8.b4 d4 9.Qb3
dxe3 10.dxe3 e4 11.Nd4 Ne5 12.Bb2 O-O 13.Qc3 Re8 14.h3 c5 15.Nb3 b6 16.Be2 Bf5
17.bxc5 bxc5 18.O-O Rab8 19.Rab1 Nfd7 20.Rfd1 Qg5 21.Kf1 Rb6 22.Rd5 Rg6 23.g4 h5
24.Nxc5 hxg4 25.hxg4 Nxg4 26.Ke1 Ngf6 27.Kd2 Nxd5 28.cxd5 Rc8 29.Nxd7 Rxc3
30.Ne5 Rc5 31.Bd4 Rxd5 32.Nxg6 Bxg6 33.Kc3 Qd8 34.Bc4 Qa5+ 35.Kc2 Rxd4

[Event "Staatsliga B - Ost 2002/03"]
[Site "Stockerau, Alte Au - Blabolilheim"]
[Date "2003.01.25"]
[Round "6"]
[Board "3"]
[White "Gugler, Edgar"]
[Black "Wallner, Joachim"]
[Result "0-1"]
[WhiteElo "2225"]
[BlackElo "2297"]
[PlyCount "62"]

1.d4 d5 2.Nf3 Nf6 3.Bf4 Bf5 4.e3 e6 5.Nbd2 Be7 6.h3 h6 7.Be2 O-O 8.O-O c5 9.c4
Nc6 10.dxc5 Bxc5 11.Rc1 Be7 12.Qb3 Na5 13.Qa4 a6 14.Rfd1 Nc6 15.a3 d4 16.exd4
Nxd4 17.Bf1 e5 18.Nxe5 b5 19.cxb5 axb5 20.Nc6 bxa4 21.Nxd8 Rfxd8 22.Nc4 Nb3
23.Rxd8+ Rxd8 24.Re1 Bc5 25.Ne3 Be6 26.Bb5 Rd2 27.Be5 Ne4 28.f3 Nd6 29.Bxa4 Nf5
30.Bf4 g5 31.Bxb3 gxf4

[Event "Staatsliga B - Ost 2002/03"]
[Site "Stockerau, Alte Au - Blabolilheim"]
[Date "2003.01.25"]
[Round "6"]
[Board "4"]
[White "Fusi, Christoph"]
[Black "Waller, Helmut"]
[Result "1-0"]
[WhiteElo "2297"]
[BlackElo "2175"]
[PlyCount "101"]

1.e4 c5 2.Nf3 e6 3.d4 cxd4 4.Nxd4 a6 5.Bd3 Nf6 6.O-O Qc7 7.Qe2 d6 8.c4 Be7 9.Nc3
Nc6 10.Nxc6 bxc6 11.f4 e5 12.f5 Rb8 13.Be3 a5 14.Rac1 O-O 15.g4 h6 16.Rf2 Nh7
17.Kg2 Bh4 18.Rff1 Qe7 19.Na4 Bg5 20.Qd2 Bxe3 21.Qxe3 Qh4 22.Qg3 Qg5 23.Rc2 Nf6
24.h3 Rb4 25.Nc3 Ba6 26.Be2 Nh7 27.h4 Qf6 28.b3 Rd8 29.Rd2 Bb7 30.Rfd1 Ba8
31.Bf3 Rbb8 32.Qf2 Qe7 33.Kh3 g5 34.Qe3 Kg7 35.h5 Nf6 36.Rd3 c5 37.Nb5 Rb6
38.Qe1 Ra6 39.Nc3 Bc6 40.Qd2 a4 41.Rxd6 Rxd6 42.Qxd6 Qxd6 43.Rxd6 axb3 44.axb3
Rb6 45.Bd1 Ne8 46.Rd8 Nf6 47.Bc2 Ra6 48.Rc8 Nd7 49.Kg3 Nf6 50.Kf3 Ra5 51.Rxc6

[Event "Staatsliga B - Ost 2002/03"]
[Site "Stockerau, Alte Au - Blabolilheim"]
[Date "2003.01.25"]
[Round "6"]
[Board "5"]
[White "Wadsack, Wolfgang"]
[Black "Zetthofer, Gerald"]
[Result "1/2-1/2"]
[WhiteElo "2162"]
[BlackElo "2258"]
[PlyCount "44"]

1.e4 e6 2.d4 d5 3.Nc3 Bb4 4.Bd2 Nf6 5.e5 Nfd7 6.Qg4 g6 7.h4 h5 8.Qg3 b6 9.Bd3
Nf8 10.Nf3 Qd7 11.Ng5 Ba6 12.Rh3 Bxd3 13.Qxd3 Nh7 14.O-O-O Nc6 15.Rf3 Nxg5
16.Bxg5 Be7 17.Bf6 Bxf6 18.exf6 Na5 19.Re1 O-O-O 20.b3 Kb8 21.Qa6 c6 22.Na4 Nb7

[Event "Staatsliga B - Ost 2002/03"]
[Site "Stockerau, Alte Au - Blabolilheim"]
[Date "2003.01.25"]
[Round "6"]
[Board "6"]
[White "Franzen, Jozef"]
[Black "Wadsack, Winfried"]
[Result "1-0"]
[WhiteElo "2293"]
[BlackElo "2149"]
[PlyCount "81"]

1.Nf3 d5 2.b3 Nc6 3.Bb2 Bg4 4.e3 e5 5.h3 Bxf3 6.Qxf3 Nf6 7.Bb5 Qd6 8.O-O e4
9.Qe2 Be7 10.d3 exd3 11.cxd3 O-O 12.Bxc6 Qxc6 13.Nd2 Qe6 14.Nf3 Bd6 15.Qc2 c6
16.Rae1 Rfe8 17.Re2 h6 18.e4 dxe4 19.dxe4 Nd5 20.Nd4 Qe5 21.g3 Nb4 22.Qd2 Qg5
23.Nf5 Qxd2 24.Rxd2 Bf8 25.a3 Na6 26.f3 g6 27.Nd6 Red8 28.Rfd1 Rd7 29.Ne8 Rxd2
30.Nf6+ Kh8 31.Rxd2 Bg7 32.Rd7 Nc5 33.Rxf7 Rd8 34.Be5 Rd1+ 35.Kg2 Rd2+ 36.Kf1
Nd3 37.f4 Rf2+ 38.Kg1 Rf3 39.Rxb7 Nxe5 40.Rb8+ Bf8 41.fxe5

[Event "Staatsliga B - Ost 2002/03"]
[Site "Stockerau, Alte Au - Blabolilheim"]
[Date "2003.01.25"]
[Round "6"]
[Board "1"]
[White "Videki, Sandor"]
[Black "Polak, Tomas"]
[Result "1/2-1/2"]
[WhiteElo "2424"]
[BlackElo "2475"]
[PlyCount "23"]

1.e4 c6 2.d4 d5 3.Nc3 dxe4 4.Nxe4 Bf5 5.Ng3 Bg6 6.Nf3 Nd7 7.Bd3 Bxd3 8.Qxd3 Ngf6
9.O-O e6 10.Re1 Be7 11.b3 O-O 12.c4

[Event "Staatsliga B - Ost 2002/03"]
[Site "Stockerau, Alte Au - Blabolilheim"]
[Date "2003.01.25"]
[Round "6"]
[Board "2"]
[White "Groetz, Harald"]
[Black "Neumeier, Klaus"]
[Result "1-0"]
[WhiteElo "2322"]
[BlackElo "2271"]
[PlyCount "126"]

1.e4 e5 2.Nf3 Nc6 3.Bb5 a6 4.Bxc6 dxc6 5.O-O Bg4 6.h3 h5 7.d3 Qf6 8.Nbd2 Ne7
9.Re1 Ng6 10.d4 Bd6 11.hxg4 hxg4 12.Nh2 Rxh2 13.Qxg4 Rh4 14.Qf5 Rf4 15.Qxf6 Rxf6
16.Nf3 Rxf3 17.gxf3 exd4 18.Kf1 O-O-O 19.Ke2 c5 20.Bg5 Re8 21.Rg1 c4 22.Rad1 Bc5
23.Bc1 b5 24.Rg5 Bb6 25.Rdg1 Kb7 26.Rf5 Re7 27.Bg5 Rd7 28.Rd5 Rxd5 29.exd5 Ne5
30.Bd2 g6 31.b3 d3+ 32.cxd3 cxd3+ 33.Kd1 Bxf2 34.Rf1 Bd4 35.Bf4 Kb6 36.Kd2 Kc5
37.Rc1+ Kxd5 38.Rxc7 Nxf3+ 39.Kxd3 g5 40.Rd7+ Ke6 41.Rd6+ Kf5 42.Bc1 g4 43.Rxd4
Nxd4 44.Kxd4 g3 45.Ke3 Kg4 46.Ba3 a5 47.Bd6 a4 48.b4 a3 49.Bc7 g2 50.Kf2 Kf5
51.Kxg2 Ke4 52.Kf2 Kd3 53.Bd6 f6 54.Kf3 Kc3 55.Ke4 Kb2 56.Kd3 Kb1 57.Kc3 Kc1
58.Bf4+ Kb1 59.Kb3 f5 60.Bg5 Ka1 61.Kxa3 Kb1 62.Kb3 Ka1 63.a4 f4

[Event "Staatsliga B - Ost 2002/03"]
[Site "Stockerau, Alte Au - Blabolilheim"]
[Date "2003.01.25"]
[Round "6"]
[Board "3"]
[White "Hechl, Gerald"]
[Black "Hangweyrer, Manfred"]
[Result "1/2-1/2"]
[WhiteElo "2250"]
[BlackElo "2315"]
[PlyCount "21"]

1.e4 d5 2.exd5 Qxd5 3.Nc3 Qd6 4.d4 Nf6 5.Nf3 a6 6.h3 Bf5 7.Bd3 Bxd3 8.Qxd3 Nc6
9.Ne4 Nxe4 10.Qxe4 Qg6 11.Qxg6

[Event "Staatsliga B - Ost 2002/03"]
[Site "Stockerau, Alte Au - Blabolilheim"]
[Date "2003.01.25"]
[Round "6"]
[Board "4"]
[White "Stanivukovic, Drago"]
[Black "Pichler, Michael"]
[Result "1/2-1/2"]
[WhiteElo "2196"]
[BlackElo "2195"]
[PlyCount "25"]

1.d4 e6 2.Nf3 Nf6 3.g3 d5 4.Bg2 Be7 5.O-O O-O 6.b3 c5 7.e3 Nbd7 8.Bb2 Qc7 9.Nbd2
cxd4 10.exd4 b6 11.Ne5 Bb7 12.Rc1 Rac8 13.c4

[Event "Staatsliga B - Ost 2002/03"]
[Site "Stockerau, Alte Au - Blabolilheim"]
[Date "2003.01.25"]
[Round "6"]
[Board "6"]
[White "Schirmbeck, Hannes"]
[Black "Mayr, Thomas"]
[Result "0-1"]
[WhiteElo "2144"]
[BlackElo "2086"]
[PlyCount "51"]

1.e4 e5 2.Nf3 Nc6 3.Bc4 Bc5 4.c3 Nf6 5.b4 Bb6 6.d3 d6 7.a4 a6 8.O-O O-O 9.Bg5
Be6 10.Nbd2 Qe7 11.h3 h6 12.Bh4 g5 13.Nxg5 hxg5 14.Bxg5 Kg7 15.Ra3 Rg8 16.Qf3
Bxc4 17.Nxc4 Qe6 18.Nxb6 cxb6 19.Qe3 Kf8 20.f4 exf4 21.Qxf4 Nd7 22.d4 Qg6 23.Ra2
Ke8 24.Bh4 Nd8 25.Raf2 Rc8 26.Rf3

[Event "Staatsliga B - Ost 2002/03"]
[Site "Stockerau, Alte Au - Blabolilheim"]
[Date "2003.01.26"]
[Round "7"]
[Board "1"]
[White "Tibensky, Robert"]
[Black "Berkes, Ferenc"]
[Result "0-1"]
[WhiteElo "2446"]
[BlackElo "2545"]
[PlyCount "62"]

1.Nf3 d5 2.g3 c6 3.Bg2 Nf6 4.O-O Bg4 5.d3 Nbd7 6.Nbd2 e5 7.e4 Bd6 8.h3 Bh5 9.Qe1
O-O 10.Nh4 Re8 11.f4 exf4 12.gxf4 Qc7 13.e5 Nxe5 14.fxe5 Rxe5 15.Qf2 Re2 16.Qf5
Bc5+ 17.Kh1 Qg3 18.Ndf3 Bd6 19.Rg1 Bg6 20.Qg5 Nh5 21.Rf1 h6 22.Qxg3 Nxg3+ 23.Kg1
Nxf1 24.Bxf1 Rxc2 25.Nxg6 fxg6 26.d4 Rf8 27.Bg2 g5 28.Ne1 Re2 29.Nd3 Bg3 30.a4
Rc2 31.b4 Rc3

[Event "Staatsliga B - Ost 2002/03"]
[Site "Stockerau, Alte Au - Blabolilheim"]
[Date "2003.01.26"]
[Round "7"]
[Board "2"]
[White "Volkmann, Friedrich"]
[Black "Banas, Jan"]
[Result "1/2-1/2"]
[WhiteElo "2434"]
[BlackElo "2365"]
[PlyCount "33"]

1.e4 c5 2.Nf3 d6 3.d4 cxd4 4.Nxd4 Nf6 5.Nc3 Nc6 6.Bg5 e6 7.Qd2 a6 8.O-O-O Bd7
9.f4 h6 10.Bxf6 Qxf6 11.Nf3 Qd8 12.Kb1 Qc7 13.f5 Be7 14.g4 O-O-O 15.h4 Ne5
16.Nd4 Nxg4 17.Bh3

[Event "Staatsliga B - Ost 2002/03"]
[Site "Stockerau, Alte Au - Blabolilheim"]
[Date "2003.01.26"]
[Round "7"]
[Board "3"]
[White "Wallner, Joachim"]
[Black "Lukacs, Peter"]
[Result "1/2-1/2"]
[WhiteElo "2297"]
[BlackElo "2420"]
[PlyCount "20"]

1.e4 e5 2.Bc4 Nf6 3.d3 Nc6 4.Nf3 Bc5 5.Nc3 d6 6.h3 h6 7.O-O O-O 8.a3 Be6 9.Nd5
Re8 10.Be3 b6

[Event "Staatsliga B - Ost 2002/03"]
[Site "Stockerau, Alte Au - Blabolilheim"]
[Date "2003.01.26"]
[Round "7"]
[Board "4"]
[White "Neulinger, Manfred"]
[Black "Fusi, Christoph"]
[Result "1/2-1/2"]
[WhiteElo "2384"]
[BlackElo "2297"]
[PlyCount "81"]

1.e4 c6 2.d3 d5 3.Nd2 g6 4.g3 Bg7 5.Bg2 e5 6.Ngf3 Ne7 7.O-O O-O 8.b3 f6 9.Bb2
Be6 10.d4 exd4 11.Nxd4 Bf7 12.exd5 Nxd5 13.Re1 Re8 14.Rxe8+ Qxe8 15.c4 Nb4
16.Ne4 Qe7 17.Nc2 Nxc2 18.Qxc2 Nd7 19.Re1 Be6 20.Qd2 Nf8 21.Qa5 b6 22.Qc3 f5
23.Qxg7+ Qxg7 24.Bxg7 Kxg7 25.Ng5 Bd7 26.Nf3 Re8 27.Ne5 c5 28.f4 Re7 29.Kf2 Be8
30.Bd5 h6 31.a3 a5 32.b4 axb4 33.axb4 Nd7 34.bxc5 Nxe5 35.fxe5 bxc5 36.h4 g5
37.hxg5 hxg5 38.e6 Kf6 39.Ra1 Ke5 40.Re1+ Kf6 41.Ra1

[Event "Staatsliga B - Ost 2002/03"]
[Site "Stockerau, Alte Au - Blabolilheim"]
[Date "2003.01.26"]
[Round "7"]
[Board "5"]
[White "Zetthofer, Gerald"]
[Black "Schroll, Gerhard"]
[Result "0-1"]
[WhiteElo "2258"]
[BlackElo "2381"]
[PlyCount "59"]

1.c4 f5 2.Nc3 Nf6 3.d4 g6 4.g3 Bg7 5.Bg2 O-O 6.e4 Nxe4 7.Nxe4 fxe4 8.Bxe4 e6
9.Be3 d5 10.Bg2 Nc6 11.Nf3 dxc4 12.O-O e5 13.d5 e4 14.Ng5 Ne5 15.Bxe4 Qf6 16.f3
Nf7 17.Nxf7 Rxf7 18.Rf2 Bf5 19.Qc2 c3 20.Rb1 cxb2 21.Rd2 Bxe4 22.fxe4 Raf8
23.Bf4 g5 24.d6 gxf4 25.dxc7 Qb6+ 26.Kg2 Rxc7 27.Qd3 f3+ 28.Kf1 Rc1+ 29.Rd1 Rxb1
30.Rxb1

[Event "Staatsliga B - Ost 2002/03"]
[Site "Stockerau, Alte Au - Blabolilheim"]
[Date "2003.01.26"]
[Round "7"]
[Board "6"]
[White "Posch, Werner"]
[Black "Franzen, Jozef"]
[Result "1/2-1/2"]
[WhiteElo "2290"]
[BlackElo "2293"]
[PlyCount "27"]

1.e4 e5 2.Nc3 Nf6 3.Bc4 Nc6 4.d3 Bb4 5.Bg5 h6 6.Bxf6 Qxf6 7.Nge2 Nd4 8.O-O Bxc3
9.bxc3 Nxe2+ 10.Qxe2 d6 11.Rab1 O-O 12.Qe3 b6 13.f4 Be6 14.fxe5